000 01409nam a2200337 c 4500
003 BLK
005 20241029135743.0
008 180412b bul|||||r ||||||| ||bul||
010 _aKNG00012357000
020 _a954-427-225-9
_bиздат.: Абагар
040 _aBLK
041 _aBUL
_cBUL
080 _aТеория и философия на историята. Морфология на историята
_b930.1
_x
_z930.1
080 _aМетоди за изучаване на историята. Методология на историята
_b930.2
_x
_z930.2
100 _aСтоянов, Желязко Димитров
_d1941 -
_gФилософ
_9377838
139 _aСтоянов, Желязко Димитров
_bС 83
245 1 0 _aИдеите за историята
_cЖелязко Димитров Стоянов.
257 _aBGR
260 В. Търново
_bАбагар
_c1996
300 _a431 с.
_c22 см
380 _a9
500 _aДеп. списък: 16 ; 1 000 тир
650 4 _aИстория - теория и философия
_9242501
650 4 _aИсториография - социално-философски проблеми
_9245696
852 _aЦб 188865
856 4 _qpdf
_u
856 4 _qpdf
_u
942 _cKNG
_n0
944 _aCR
_c15.01.2003
_k30560
_lГеновева Генчева
944 _aED
_c24.10.2005
_k
999 _c10845
_d10845